| 000 | 00394nam a2200133Ia 4500 | ||
|---|---|---|---|
| 005 | 20260326235453.0 | ||
| 008 | 260326s9999||||xx |||||||||||||| ||und|| | ||
| 100 | _aSondereguer, Cesar | ||
| 245 | 0 |
_aArquitectura Precolombina : _b Catálogo de tipos de Urbanismos, de Obras y constructivos / _cCesar Sondereguer |
|
| 260 | _bCorregidor | ||
| 300 | _a273 p. | ||
| 650 | _aARQUITECTURA | ||
| 942 | _cBK | ||
| 999 |
_c7839 _d7839 |
||